[Event "77th ch-ITA 2017"]
[Site "Cosenza ITA"]
[Date "2017.11.29"]
[Round "1"]
[White "Brunello,S"]
[Black "Valsecchi,A"]
[Result "0-1"]
[WhiteElo "2556"]
[BlackElo "2501"]
[EventDate "2017.11.29"]

1. c4 e6 2. b3 b6 3. Bb2 Nf6 4. Nf3 Bb7 5. e3 Be7 6. Be2 O-O 7. O-O d5 8.
Nc3 Nbd7 9. Rc1 c5 10. Rc2 Rc8 11. Qa1 Bd6 12. cxd5 exd5 13. d4 a6 14. dxc5
bxc5 15. Rd1 Qe7 16. g3 Rfe8 17. Rcd2 Qe6 18. Qb1 h6 19. Nh4 Ne5 20. Qf5 d4
21. exd4 cxd4 22. Rxd4 Bc5 23. Qxe6 Rxe6 24. Rd8+ Rxd8 25. Rxd8+ Kh7 26.
Na4 Ba7 27. Kf1 Neg4 28. Nf3 Bxf2 29. Rf8 Ne4 30. Bd3 f5 31. Kg2 Ne3+ 32.
Kh3 Rg6 33. Ne5 Rg5 34. Be2 Rh5+ 35. Bxh5 Ng5+ 36. Kh4 Ng2+ 0-1

[Event "77th ch-ITA 2017"]
[Site "Cosenza ITA"]
[Date "2017.11.29"]
[Round "1"]
[White "Godena,M"]
[Black "Dvirnyy,D"]
[Result "1-0"]
[WhiteElo "2490"]
[BlackElo "2539"]
[EventDate "2017.11.29"]

1. e4 e6 2. d4 d5 3. Nd2 Be7 4. Bd3 c5 5. dxc5 Nf6 6. exd5 Qxd5 7. Qf3 Qxc5
8. Ne4 Nxe4 9. Qxe4 Nd7 10. Nf3 Nf6 11. Qh4 Nd5 12. Qg3 O-O 13. a3 Bd6 14.
Qh4 f5 15. O-O e5 16. Qc4 e4 17. Qxc5 Bxc5 18. Bc4 Rd8 19. Bg5 Rd6 20. Be7
e3 1-0

[Event "77th ch-ITA 2017"]
[Site "Cosenza ITA"]
[Date "2017.11.29"]
[Round "1"]
[White "David,Alb"]
[Black "Garcia Palermo,C"]
[Result "1-0"]
[WhiteElo "2570"]
[BlackElo "2440"]
[EventDate "2017.11.29"]

1. d4 Nf6 2. c4 b6 3. f3 d5 4. cxd5 Qxd5 5. Nc3 Qb7 6. e4 e6 7. Bc4 c5 8.
d5 a6 9. a4 exd5 10. Nxd5 Nxd5 11. Bxd5 Nc6 12. Ne2 Be7 13. O-O O-O 14. Qb3
Bd7 15. Rd1 Rad8 16. Bd2 Qa7 17. Kh1 Nb4 18. Bc4 Qb7 19. Bxb4 cxb4 20. Nf4
Bc5 21. Nd3 a5 22. Ne5 1-0

[Event "77th ch-ITA 2017"]
[Site "Cosenza ITA"]
[Date "2017.11.29"]
[Round "1"]
[White "Gilevych,Artem"]
[Black "Stella,A"]
[Result "0-1"]
[WhiteElo "2429"]
[BlackElo "2506"]
[EventDate "2017.11.29"]

1. d4 Nf6 2. c4 g6 3. f3 e6 4. Nc3 d5 5. Bg5 h6 6. Bh4 Be7 7. cxd5 Nxd5 8.
Bxe7 Qxe7 9. e4 Nxc3 10. bxc3 c5 11. Qd2 Nc6 12. Bb5 O-O 13. Ne2 Rd8 14. h4
cxd4 15. Bxc6 bxc6 16. cxd4 Ba6 17. Nc3 c5 18. d5 exd5 19. Nxd5 Rxd5 20.
Qxd5 Rd8 0-1

[Event "77th ch-ITA 2017"]
[Site "Cosenza ITA"]
[Date "2017.11.29"]
[Round "1"]
[White "Genocchio,D"]
[Black "Moroni,L"]
[Result "0-1"]
[WhiteElo "2410"]
[BlackElo "2506"]
[EventDate "2017.11.29"]

1. e4 e6 2. d4 d5 3. Nd2 c5 4. Ngf3 cxd4 5. Nxd4 Nc6 6. Bb5 Bd7 7. Nxc6
bxc6 8. Bd3 Qc7 9. Qe2 Ne7 10. Nf3 Ng6 11. e5 Be7 12. O-O O-O 13. h4 f5 14.
g3 c5 15. c3 Bc6 16. Bg5 Rab8 17. Bxe7 Nxe7 18. Rac1 Be8 19. Ng5 c4 20. Bc2
Rb6 21. b4 cxb3 22. Bxb3 h6 23. Nh3 Bb5 24. c4 Rc6 25. cxb5 Rxc1 26. Rxc1
Qxc1+ 27. Kg2 Ng6 28. Qh5 Nxe5 29. Nf4 Qd2 30. Bd1 Nd3 31. Nxe6 Qxf2+ 0-1

[Event "77th ch-ITA 2017"]
[Site "Cosenza ITA"]
[Date "2017.11.30"]
[Round "2"]
[White "Stella,A"]
[Black "Genocchio,D"]
[Result "1-0"]
[WhiteElo "2506"]
[BlackElo "2410"]
[EventDate "2017.11.29"]

1. d4 d6 2. g3 g6 3. Bg2 Bg7 4. Nf3 Nf6 5. O-O O-O 6. b3 e5 7. dxe5 dxe5 8.
Ba3 Qxd1 9. Rxd1 Re8 10. Nc3 a6 11. Rac1 Nc6 12. Ng5 Nd4 13. e3 Nb5 14. Bb2
Nd6 15. Na4 Bg4 16. Re1 Rad8 17. c4 h6 18. Nf3 e4 19. Nd2 Bf5 20. h3 h5 21.
Red1 Nd7 22. Bxg7 Kxg7 23. c5 Nb5 24. Nc4 Nf6 25. Na5 Bc8 26. Bf1 Na7 27.
Nc3 Nd7 28. Nd5 c6 29. Nc7 Re7 30. Na8 Rh8 31. Nb6 Ne5 32. Nxc8 Nxc8 33.
Nc4 Nd7 34. b4 Nf6 35. a4 Nd5 36. b5 axb5 37. axb5 cxb5 38. Nd6 Nb4 39.
Bxb5 Na7 40. Rd4 Nxb5 41. Rxb4 Nxd6 42. cxd6 Rd7 43. Rc7 Rxd6 44. Rbxb7 Rf6
45. Re7 Rc8 46. Rxe4 Rc2 47. Rf4 Rxf4 48. gxf4 Rc1+ 49. Kg2 Rc2 50. Kg3 Re2
51. Rb5 Kf6 52. h4 Re1 53. Kg2 Ra1 54. Rg5 Ra4 55. Kh3 Ra2 56. Kg2 Ra4 57.
f3 Ra2+ 58. Kg3 Ra3 59. e4 Ra1 60. Rb5 Rh1 61. f5 gxf5 62. Rxf5+ Kg6 63.
Rg5+ Kh6 64. Ra5 Kg6 65. Ra6+ Kg7 66. e5 Kh7 67. Rb6 Kg7 68. Rf6 Rg1+ 69.
Kf4 Rg2 70. Rf5 Kg6 71. Rf6+ Kg7 72. Rb6 Rg1 73. Rc6 Rg2 74. Rc1 Kg6 75.
Rh1 Kg7 76. Rd1 Kg6 77. Rb1 Kg7 78. Rh1 Kg6 79. Rh3 Rg1 80. Rh2 Kg7 81. Kf5
Rg3 82. f4 Rg1 83. Rh3 Rg4 84. Rh2 Kf8 85. Rh1 Ke7 86. Ra1 Rxh4 87. Ra8 Kd7
88. Rf8 Ke7 89. Rh8 Rh1 90. Rh7 Re1 91. Rxh5 Re2 92. Rh8 Rb2 93. Ra8 Rb6
94. Rh8 Ra6 95. Kg5 Rg6+ 96. Kf5 Ra6 97. Rb8 Rc6 98. Rb7+ Ke8 99. Kg5 Rg6+
100. Kh5 Ra6 101. f5 Ra5 102. Kg5 Rxe5 103. Kf6 Ra5 104. Rb8+ Kd7 105. Rf8
Rb5 106. Rxf7+ Ke8 107. Ra7 Rb1 108. Ra8+ Kd7 109. Kf7 Rb7 110. f6 Kd6+
111. Kg6 Rb1 112. f7 Kd5 1-0

[Event "77th ch-ITA 2017"]
[Site "Cosenza ITA"]
[Date "2017.11.30"]
[Round "2"]
[White "Garcia Palermo,C"]
[Black "Gilevych,Artem"]
[Result "1/2-1/2"]
[WhiteElo "2440"]
[BlackElo "2429"]
[EventDate "2017.11.29"]

1. Nf3 d5 2. g3 Bg4 3. Bg2 Nd7 4. c4 e6 5. cxd5 exd5 6. O-O Ngf6 7. h3 Bh5
8. d3 Be7 9. Nc3 c6 10. e4 O-O 11. g4 Bg6 12. Nd4 Nc5 13. Nf5 Bxf5 14. gxf5
dxe4 15. dxe4 Nd3 16. Be3 Bd6 17. f4 Bc5 18. Bxc5 Nxc5 19. e5 Ne8 20. Qxd8
Rxd8 21. b4 Nd3 22. b5 g5 23. bxc6 bxc6 24. e6 fxe6 25. fxe6 Rxf4 26. Bxc6
Rxf1+ 27. Rxf1 Nf4 28. Ne4 Nxh3+ 29. Kh2 Nf4 30. e7 Rc8 31. Bxe8 Rxe8 32.
Nf6+ Kf7 33. Nxe8 Kxe8 34. Re1 Ng6 35. Kg3 Nxe7 36. Kg4 Kd7 37. Kxg5 Nd5
38. Kf5 Nc3 39. Ra1 Kd6 40. Kf4 h5 41. Ke3 Ke5 42. Kd3 Nd5 43. Rh1 Nf4+ 44.
Ke3 Nd5+ 45. Kf3 Kd4 46. Rh4+ Kc3 47. Ra4 Kb2 48. Rxa7 Nc3 49. a4 Ka3 50.
a5 Ka4 51. Kg2 Nb5 52. Ra6 Na3 53. Ra8 Kb5 54. Kh3 Nc4 55. a6 Nb6 56. Ra7
Na4 57. Kh4 Nc5 58. Rb7+ Kxa6 59. Rb1 Ne4 60. Kxh5 Nc3 61. Rb3 Nb5 62. Kg4
Kb6 63. Kf4 Kc5 64. Ke5 Kc4 65. Rb2 Nc3 66. Rd2 Nb5 67. Rd5 Nc3 68. Rd4+
Kc5 69. Rh4 Nb5 70. Rh8 Kc4 71. Rc8+ Kd3 72. Rc3+ 1/2-1/2

[Event "77th ch-ITA 2017"]
[Site "Cosenza ITA"]
[Date "2017.11.30"]
[Round "2"]
[White "Dvirnyy,D"]
[Black "David,Alb"]
[Result "1/2-1/2"]
[WhiteElo "2539"]
[BlackElo "2570"]
[EventDate "2017.11.29"]

1. d4 Nf6 2. c4 g6 3. g3 c6 4. Nf3 Bg7 5. Bg2 d5 6. O-O O-O 7. Qb3 Qa5 8.
Nc3 dxc4 9. Qxc4 Be6 10. Qd3 Na6 11. Bf4 Rad8 12. Rfd1 c5 13. Qb5 Qxb5 14.
Nxb5 Nd5 15. Bd2 Ndb4 16. dxc5 Bc4 17. Nfd4 e5 18. Rac1 Bxa2 19. c6 bxc6
1/2-1/2

[Event "77th ch-ITA 2017"]
[Site "Cosenza ITA"]
[Date "2017.11.30"]
[Round "2"]
[White "Valsecchi,A"]
[Black "Godena,M"]
[Result "1-0"]
[WhiteElo "2501"]
[BlackElo "2490"]
[EventDate "2017.11.29"]

1. e4 e5 2. Nf3 Nc6 3. Nc3 Nf6 4. a3 d5 5. Bb5 d4 6. Ne2 Bd7 7. d3 Bd6 8.
Ng3 Na5 9. Bxd7+ Nxd7 10. O-O O-O 11. Ng5 Nc6 12. c3 Be7 13. Nf3 dxc3 14.
bxc3 Bf6 15. Nh5 Re8 16. Be3 g6 17. Nxf6+ Nxf6 18. Ne1 Qd6 19. f3 Rad8 20.
Kh1 b6 21. Qa4 Nh5 22. Rd1 Na5 23. Nc2 Qd7 24. Qxd7 Rxd7 25. Nb4 Kg7 26. g4
Nf6 27. d4 Nc4 28. Bg5 h6 29. dxe5 Nxe5 30. Bxf6+ Kxf6 31. f4 Rxd1 32.
fxe5+ Kg5 33. Rxd1 Rxe5 34. Rd5 Kf6 35. Rd7 Rxe4 36. Rxc7 a5 37. Nd5+ Kg5
38. Nxb6 f6 39. Nd5 Ra4 40. Kg2 Rxg4+ 41. Kf3 Ra4 42. Rc5 f5 43. Rc6 h5 44.
h3 Rxa3 45. Ne7 Kh4 46. Nxg6+ Kxh3 47. Rc4 Kh2 48. Nh4 Ra1 49. Nxf5 Rf1+
50. Ke4 Ra1 51. Kd3 a4 52. Rh4+ Kg1 53. Ne3 a3 54. Rxh5 a2 55. Ra5 Kf2 56.
c4 Kf3 57. Nc2 1-0

[Event "77th ch-ITA 2017"]
[Site "Cosenza ITA"]
[Date "2017.11.30"]
[Round "2"]
[White "Sonis,Francesco"]
[Black "Brunello,S"]
[Result "1-0"]
[WhiteElo "2420"]
[BlackElo "2556"]
[EventDate "2017.11.29"]

1. e4 e5 2. Nf3 Nc6 3. Bc4 Nf6 4. d3 Be7 5. O-O O-O 6. Re1 d6 7. a4 Na5 8.
Ba2 c5 9. Na3 Bd7 10. c3 a6 11. b4 cxb4 12. cxb4 Nc6 13. b5 axb5 14. axb5
Na7 15. Qb3 Be6 16. Nc4 Nd7 17. Be3 Nc8 18. Qb2 Kh8 19. Bb3 Rxa1 20. Rxa1
Bxc4 21. Bxc4 Ncb6 22. Qb3 f5 23. exf5 Rxf5 24. Be6 Rf8 25. Bxd7 Nxd7 26.
Qd5 Qc8 27. Ra7 1-0

[Event "77th ch-ITA 2017"]
[Site "Cosenza ITA"]
[Date "2017.12.01"]
[Round "3"]
[White "Godena,M"]
[Black "Sonis,Francesco"]
[Result "1-0"]
[WhiteElo "2490"]
[BlackElo "2420"]
[EventDate "2017.11.29"]

1. e4 e5 2. Nf3 Nc6 3. g3 Nf6 4. d3 d5 5. exd5 Nxd5 6. Bg2 Bd6 7. O-O O-O
8. Nc3 Nb6 9. a4 Nd7 10. d4 exd4 11. Nxd4 Nxd4 12. Qxd4 Re8 13. Bf4 Ne5 14.
Rfe1 Bf5 15. Rxe5 Bxe5 16. Bxe5 Qe7 17. f4 f6 18. Nd5 Qf7 19. Nxc7 fxe5 20.
Qd5 exf4 21. Nxa8 Rxa8 22. Rf1 Bxc2 23. Rxf4 Qxd5 24. Bxd5+ Kh8 25. Bxb7
Rb8 26. a5 g5 27. Rf7 a6 28. Rc7 Bf5 29. b4 Rd8 30. Bxa6 Rd4 31. Bc4 Rd2
32. Bf1 Rd1 33. Kf2 Ra1 34. a6 Ra3 35. b5 Be4 36. b6 Rf3+ 37. Ke1 1-0

[Event "77th ch-ITA 2017"]
[Site "Cosenza ITA"]
[Date "2017.12.01"]
[Round "3"]
[White "David,Alb"]
[Black "Valsecchi,A"]
[Result "1/2-1/2"]
[WhiteElo "2570"]
[BlackElo "2501"]
[EventDate "2017.11.29"]

1. d4 Nf6 2. Bg5 c5 3. d5 Ne4 4. Bc1 e5 5. Nd2 Nxd2 6. Bxd2 d6 7. e4 Be7 8.
Ne2 Bg5 9. Ng3 h5 10. Bb5+ Kf8 11. Bd3 h4 12. Nf1 Nd7 13. a4 Rh6 14. a5 Rb8
15. Qc1 Bxd2+ 16. Qxd2 Nf6 17. Ne3 Bd7 18. c3 Rc8 19. b3 Nh5 20. g3 Nf6 21.
Qe2 hxg3 22. fxg3 Rc7 23. Kd2 Qc8 24. Kc2 Bh3 25. Kb2 Ng4 26. Nxg4 Qxg4
1/2-1/2

[Event "77th ch-ITA 2017"]
[Site "Cosenza ITA"]
[Date "2017.12.01"]
[Round "3"]
[White "Gilevych,Artem"]
[Black "Dvirnyy,D"]
[Result "0-1"]
[WhiteElo "2429"]
[BlackElo "2539"]
[EventDate "2017.11.29"]

1. Nf3 Nf6 2. c4 e6 3. d4 d5 4. Nc3 Bb4 5. cxd5 exd5 6. Bg5 h6 7. Bxf6 Qxf6
8. Rc1 c6 9. a3 Ba5 10. b4 Bc7 11. e3 Qd6 12. Qc2 a6 13. Bd3 O-O 14. O-O
Be6 15. e4 dxe4 16. Nxe4 Qf4 17. Nc5 Bg4 18. Ne5 b6 19. Nxg4 bxc5 20. Qxc5
Qxg4 21. Bh7+ Kxh7 22. Qxf8 Ra7 23. Qc5 Rb7 24. h3 Qg6 25. Qc2 Bb6 26. Rfd1
Rd7 27. Qxg6+ Kxg6 28. Rc4 Kf5 29. Kf1 Ke6 30. a4 Kd5 31. Rc2 Re7 32. Rb2
Nd7 33. Rc2 Re6 34. Rc5+ Bxc5 35. dxc5+ Kc4 36. Rxd7 Kxb4 37. Rxf7 g5 38.
f4 gxf4 39. Rxf4+ Kxc5 40. g4 Kd5 41. Rf5+ Kd4 42. Rf4+ Kd5 43. Rf5+ Kc4
44. h4 c5 45. g5 hxg5 46. hxg5 a5 47. Rf6 Re5 48. g6 Rg5 49. Rb6 Kd4 50.
Ke2 c4 51. Rb5 Rg2+ 52. Kd1 Kd3 53. Rd5+ Kc3 54. Rxa5 Rxg6 55. Rb5 Rg1+ 56.
Ke2 Ra1 57. a5 Kc2 58. Rc5 c3 59. Ke3 Kb3 60. a6 c2 61. a7 Rxa7 62. Kd2
Rd7+ 0-1

[Event "77th ch-ITA 2017"]
[Site "Cosenza ITA"]
[Date "2017.12.01"]
[Round "3"]
[White "Genocchio,D"]
[Black "Garcia Palermo,C"]
[Result "0-1"]
[WhiteElo "2410"]
[BlackElo "2440"]
[EventDate "2017.11.29"]

1. e4 d6 2. d4 Nf6 3. Nc3 e5 4. Nf3 Nbd7 5. Bc4 Be7 6. O-O Nb6 7. Be2 exd4
8. Nxd4 O-O 9. a4 a5 10. Re1 Nfd7 11. Bf1 Nc5 12. Bf4 c6 13. Qf3 f5 14.
exf5 Bxf5 15. Nxf5 Rxf5 16. Qg4 Rf7 17. g3 d5 18. Be5 Nbd7 19. Bd4 Bf6 20.
Rad1 Qb6 21. b3 Raf8 22. Bxf6 Nxf6 23. Qd4 Qb4 24. Bh3 Qxd4 25. Rxd4 g6 26.
f4 Kg7 27. Rdd1 h6 28. Re5 Nfd7 29. Re3 g5 30. Ne2 Nf6 31. Re5 Nfe4 32. Nd4
gxf4 33. Nf5+ Kg6 34. gxf4 Rxf5 35. Bxf5+ Rxf5 36. c4 Rxe5 0-1

[Event "77th ch-ITA 2017"]
[Site "Cosenza ITA"]
[Date "2017.12.01"]
[Round "3"]
[White "Moroni,L"]
[Black "Stella,A"]
[Result "1/2-1/2"]
[WhiteElo "2506"]
[BlackElo "2506"]
[EventDate "2017.11.29"]

1. Nf3 c5 2. c4 Nc6 3. d4 cxd4 4. Nxd4 Nf6 5. Nc3 e6 6. a3 d5 7. cxd5 exd5
8. Bg5 Bc5 9. e3 Bxd4 10. exd4 O-O 11. Be2 h6 12. Bh4 Qd6 13. Nb5 Qe7 14.
O-O g5 15. Bg3 Ne4 16. Re1 f5 17. Be5 Nxe5 18. dxe5 a6 19. Nd4 Qxe5 20. f3
Nc5 21. Bc4 Qd6 22. Ba2 Bd7 23. Rc1 Rad8 24. Qc2 Rc8 25. Qd2 Na4 26. Rxc8
Rxc8 27. h4 gxh4 28. Ne6 Re8 29. Bxd5 Bxe6 30. Qxh6 Qxd5 31. Qg6+ Kf8 32.
Qf6+ Kg8 33. Qg6+ Kf8 34. Qf6+ Kg8 1/2-1/2

[Event "77th ch-ITA 2017"]
[Site "Cosenza ITA"]
[Date "2017.12.02"]
[Round "4"]
[White "Garcia Palermo,C"]
[Black "Moroni,L"]
[Result "0-1"]
[WhiteElo "2440"]
[BlackElo "2506"]
[EventDate "2017.11.29"]

1. Nf3 d5 2. g3 e6 3. Bg2 Nf6 4. O-O b5 5. d3 Bb7 6. c4 c6 7. Bf4 Nbd7 8.
Nbd2 Be7 9. cxb5 cxb5 10. Rc1 Qb6 11. Nb3 O-O 12. Bc7 Qa6 13. Qd2 b4 14.
Ba5 Qb5 15. Nfd4 Qa4 16. Nc2 Rfc8 17. Nxb4 Nc5 18. Nxc5 Bxc5 19. Nc2 Qxa2
20. Bc3 Qb3 21. Qf4 Be7 22. Ne3 Nd7 23. Ng4 f6 24. Bh3 Nf8 25. d4 a5 26.
Qd2 a4 27. Ne3 Bc6 28. Nc2 Be8 29. Na3 Rab8 30. Ra1 Bb4 31. Rfc1 Rxc3 32.
Rxc3 Bxc3 33. bxc3 Rc8 34. c4 dxc4 35. d5 c3 36. Qd3 c2 37. Rc1 Rc3 38. Qd2
Qxa3 39. dxe6 Ng6 40. Rxc2 Rxc2 41. Qxc2 Qb3 0-1

[Event "77th ch-ITA 2017"]
[Site "Cosenza ITA"]
[Date "2017.12.02"]
[Round "4"]
[White "Dvirnyy,D"]
[Black "Genocchio,D"]
[Result "1-0"]
[WhiteElo "2539"]
[BlackElo "2410"]
[EventDate "2017.11.29"]

1. d4 d6 2. Nf3 g6 3. c4 Bg7 4. Nc3 e5 5. g3 exd4 6. Nxd4 Nc6 7. Nxc6 bxc6
8. Bg2 Bd7 9. O-O Nf6 10. Bg5 h6 11. Bf4 O-O 12. Qc2 Rb8 13. Rad1 c5 14. b3
Re8 15. Qc1 Kh7 16. Qa3 Qc8 17. Rfe1 a6 18. Qa5 Bh3 19. Bf3 Rb4 20. Bd2 Rb8
21. Nd5 Nxd5 22. Bxd5 Re7 23. Bc3 Bxc3 24. Qxc3 Qh8 25. Qf3 h5 26. Qf4 Bd7
27. Qg5 Re5 28. Qd2 Qf6 29. Qa5 Rb6 30. Bf3 Re8 31. h4 Bf5 32. Kg2 Kg7 33.
Rd5 Bc8 34. Qd2 Rb4 35. Rd3 Bf5 36. e4 Bc8 37. Rde3 Re5 38. Bd1 Re7 39. f4
Rb6 40. Bf3 Qe6 41. Kf2 Qf6 42. e5 dxe5 43. fxe5 Qf5 44. Kg1 Rd7 45. Bd5
Qg4 46. Rf1 Qd4 47. Qxd4 cxd4 48. Ref3 Re6 49. Bxe6 fxe6 50. Rf8 Bb7 51.
Rb8 Bc6 52. Rff8 d3 53. Rbd8 1-0

[Event "77th ch-ITA 2017"]
[Site "Cosenza ITA"]
[Date "2017.12.02"]
[Round "4"]
[White "Valsecchi,A"]
[Black "Gilevych,Artem"]
[Result "1/2-1/2"]
[WhiteElo "2501"]
[BlackElo "2429"]
[EventDate "2017.11.29"]

1. d4 d5 2. c4 e6 3. Nc3 Nf6 4. Bg5 Be7 5. Nf3 O-O 6. e3 b6 7. Be2 Bb7 8.
cxd5 Nxd5 9. Bxe7 Nxe7 10. O-O Nd7 11. Qc2 Ng6 12. Rfd1 Qe7 13. Rac1 Rfc8
14. Rd2 Nh4 15. Qd1 Ng6 16. d5 exd5 17. Nxd5 Bxd5 18. Rxd5 Nf6 19. Rd2 c5
20. Qa4 Rc7 21. Bc4 Ne5 22. Nxe5 Qxe5 23. Rcd1 g6 24. Be2 Kg7 25. g3 h5 26.
Qf4 Qxf4 27. gxf4 Re8 28. a4 Ree7 29. Bf3 Kh6 30. Kf1 c4 31. Rd6 Kg7 32.
Rc1 Rc5 33. Rc6 Rc7 34. Rxc7 Rxc7 35. Ke1 a6 36. Be2 b5 37. axb5 axb5 38.
b3 Ne4 39. bxc4 Rc5 40. f5 Nd6 41. fxg6 fxg6 42. Rd1 Nxc4 43. Rc1 1/2-1/2

[Event "77th ch-ITA 2017"]
[Site "Cosenza ITA"]
[Date "2017.12.02"]
[Round "4"]
[White "Sonis,Francesco"]
[Black "David,Alb"]
[Result "1/2-1/2"]
[WhiteElo "2420"]
[BlackElo "2570"]
[EventDate "2017.11.29"]

1. Nf3 Nf6 2. c4 e6 3. g3 d5 4. Bg2 Be7 5. O-O O-O 6. d4 c6 7. Qc2 b6 8.
Nbd2 Bb7 9. e4 Na6 10. e5 Nd7 11. Rd1 Rc8 12. cxd5 Nb4 13. Qa4 cxd5 14. a3
Nc6 15. b4 a6 16. Qb3 b5 17. Qd3 a5 18. Qxb5 Rc7 19. Nb3 axb4 20. axb4 Nxb4
21. Bd2 Bc6 22. Qe2 Qb8 23. Rab1 Bb5 24. Qe3 Nc2 25. Qf4 Na3 26. Rbc1 Nc4
27. Qg4 Nxd2 28. Nbxd2 Bd3 29. Rxc7 Qxc7 30. Nf1 Bc2 31. Ra1 Rb8 32. Ne3
Rb1+ 33. Rxb1 Bxb1 34. h4 Qc1+ 35. Kh2 Nb6 36. Ng5 Qc6 37. Qd1 Bg6 38. Nh3
Nc4 39. Nf4 Nxe3 40. Nxg6 hxg6 41. fxe3 Qc3 42. Qf3 Qd2 43. Qf4 Ba3 44. e4
Qxd4 1/2-1/2

[Event "77th ch-ITA 2017"]
[Site "Cosenza ITA"]
[Date "2017.12.02"]
[Round "4"]
[White "Brunello,S"]
[Black "Godena,M"]
[Result "1-0"]
[WhiteElo "2556"]
[BlackElo "2490"]
[EventDate "2017.11.29"]

1. d4 d5 2. c4 Nc6 3. Nc3 Nf6 4. Nf3 dxc4 5. Bg5 h6 6. Bh4 g5 7. Bg3 Bg7 8.
e3 Be6 9. Nd2 Na5 10. Qa4+ Nc6 11. Nxc4 O-O 12. h4 g4 13. Ne5 Nxe5 14. Bxe5
Nd5 15. Bxg7 Nxc3 16. bxc3 Kxg7 17. Bd3 c5 18. f3 Qc7 19. O-O Rfd8 20. fxg4
cxd4 21. cxd4 Qg3 22. Rf3 Qxh4 23. Raf1 f6 24. Rh3 Qg5 25. Qb4 Re8 26. Qxb7
Rab8 27. Qe4 Qxg4 28. Rf4 Qd1+ 29. Kh2 Rh8 30. Qxe6 1-0

[Event "77th ch-ITA 2017"]
[Site "Cosenza ITA"]
[Date "2017.12.03"]
[Round "5"]
[White "David,Alb"]
[Black "Brunello,S"]
[Result "1/2-1/2"]
[WhiteElo "2570"]
[BlackElo "2556"]
[EventDate "2017.11.29"]

1. d4 d5 2. c4 c6 3. Nf3 Nf6 4. Nc3 dxc4 5. a4 Bf5 6. Ne5 Nbd7 7. Nxc4 Qc7
8. g3 e5 9. dxe5 Nxe5 10. Bf4 Nfd7 11. Bg2 g5 12. Ne3 gxf4 13. Nxf5 O-O-O
14. Qc2 Kb8 15. O-O fxg3 16. hxg3 h5 17. Rfd1 a5 18. Rac1 Bc5 19. Ne4 Bb4
20. Rd4 Nb6 21. Rxd8+ Rxd8 22. Rd1 Rxd1+ 23. Qxd1 Qd7 24. Qxd7 Nbxd7 25. b3
Kc7 26. Nd4 Nc5 27. Kf1 Ned7 28. e3 Ne5 29. Ke2 Ng6 30. f4 Ne7 31. Bf3 Nxe4
32. Bxe4 Bc3 33. Kd3 Be1 34. Bf3 h4 35. gxh4 Bxh4 36. Bh5 f6 37. e4 Kd6 38.
Kc4 Bf2 39. Nf5+ Nxf5 40. exf5 Be3 41. Bf7 Bxf4 42. Be6 b5+ 1/2-1/2

[Event "77th ch-ITA 2017"]
[Site "Cosenza ITA"]
[Date "2017.12.03"]
[Round "5"]
[White "Gilevych,Artem"]
[Black "Sonis,Francesco"]
[Result "1-0"]
[WhiteElo "2429"]
[BlackElo "2420"]
[EventDate "2017.11.29"]

1. Nf3 Nf6 2. c4 e6 3. Nc3 Bb4 4. d4 c5 5. e3 Nc6 6. Bd3 d6 7. Bd2 e5 8. d5
Ne7 9. Qc2 Ng6 10. a3 Bxc3 11. Bxc3 O-O 12. h3 Re8 13. Nd2 e4 14. Nxe4 Nxe4
15. Bxe4 Qh4 16. Bxg6 hxg6 17. Qe2 Bf5 18. O-O Qg5 19. Rae1 Re7 20. f3 Rae8
21. Bd2 Qf6 22. Bc3 Qg5 23. Bd2 Qf6 24. Bc3 Qg5 25. e4 Bxh3 26. f4 Qg4 27.
Qxg4 Bxg4 28. e5 b6 29. b4 Rc8 30. b5 Bd7 31. a4 Bf5 32. exd6 Rd7 33. Re7
Rcd8 34. Bd2 Bd3 35. Rc1 f6 36. g4 g5 37. f5 Rxd6 38. Re3 Bxc4 39. Rxc4
Rxd5 40. Bc3 Rd1+ 41. Re1 R1d7 42. Rce4 Kf7 43. Kg2 Ra8 44. Re6 Rad8 45.
R1e3 Rh8 46. Be1 Rhd8 47. Kf3 Kf8 48. Bf2 Rd4 49. R6e4 R4d7 50. Kg2 Kf7 51.
Re6 Kf8 52. R3e4 Rc8 53. Be3 Kf7 54. Kf3 Rb8 55. Rc6 Rdb7 56. Ree6 Kg8 57.
Ke4 Rd8 58. Rcd6 Rc8 59. Kd5 Kf7 60. Kc4 Rh8 61. a5 Rh4 62. axb6 axb6 63.
Rxb6 Rc7 64. Re4 1-0

[Event "77th ch-ITA 2017"]
[Site "Cosenza ITA"]
[Date "2017.12.03"]
[Round "5"]
[White "Genocchio,D"]
[Black "Valsecchi,A"]
[Result "1/2-1/2"]
[WhiteElo "2410"]
[BlackElo "2501"]
[EventDate "2017.11.29"]

1. g3 c5 2. Bg2 Nc6 3. d3 g6 4. f4 Bg7 5. Nf3 d6 6. O-O e6 7. c3 Nge7 8.
Na3 Rb8 9. Qe1 b5 10. Nc2 b4 11. Bd2 O-O 12. Kh1 bxc3 13. Bxc3 f6 14. b3 a5
15. d4 Nd5 16. e4 Nxc3 17. Qxc3 f5 18. exf5 gxf5 19. Rad1 Nb4 20. Nxb4 Rxb4
21. a3 Rb8 22. Qe3 Qb6 23. dxc5 dxc5 24. Ne5 Qxb3 25. Qxc5 Qb5 26. Qe7 Bf6
27. Qd6 Rb6 28. Qc7 Bxe5 1/2-1/2

[Event "77th ch-ITA 2017"]
[Site "Cosenza ITA"]
[Date "2017.12.03"]
[Round "5"]
[White "Moroni,L"]
[Black "Dvirnyy,D"]
[Result "1/2-1/2"]
[WhiteElo "2506"]
[BlackElo "2539"]
[EventDate "2017.11.29"]

1. d4 d5 2. c4 c6 3. Nc3 Nf6 4. cxd5 cxd5 5. Bf4 Nc6 6. e3 Bf5 7. Bd3 Bxd3
8. Qxd3 e6 9. Nf3 Bd6 10. Bxd6 Qxd6 11. O-O O-O 12. Rfc1 1/2-1/2

[Event "77th ch-ITA 2017"]
[Site "Cosenza ITA"]
[Date "2017.12.03"]
[Round "5"]
[White "Stella,A"]
[Black "Garcia Palermo,C"]
[Result "1/2-1/2"]
[WhiteElo "2506"]
[BlackElo "2440"]
[EventDate "2017.11.29"]

1. Nf3 Nf6 2. c4 b6 3. g3 Bb7 4. Bg2 e6 5. O-O Be7 6. Nc3 O-O 7. Re1 d5 8.
cxd5 Nxd5 9. e4 Nxc3 10. bxc3 Nc6 11. d4 Na5 12. Ne5 Bd6 13. Nd3 Qe8 14.
Bf4 Qc6 15. Rc1 Rad8 16. Bxd6 cxd6 17. Nf4 e5 18. Nd5 Qd7 19. Ne3 Rfe8 20.
d5 Bc8 21. f4 exf4 22. gxf4 Qe7 23. Qd4 Qh4 24. Rf1 Re7 25. Rf3 f6 26. Rcf1
Nb7 27. Rg3 Rde8 28. f5 Rxe4 29. Bxe4 Rxe4 30. Qd2 Nc5 31. Ng2 Qh5 32. Nf4
Qh6 33. Rh3 Qg5+ 34. Rg3 Qh6 35. Rh3 Qg5+ 36. Rg3 1/2-1/2

[Event "77th ch-ITA 2017"]
[Site "Cosenza ITA"]
[Date "2017.12.04"]
[Round "6"]
[White "Dvirnyy,D"]
[Black "Stella,A"]
[Result "1/2-1/2"]
[WhiteElo "2539"]
[BlackElo "2506"]
[EventDate "2017.11.29"]

1. Nf3 Nf6 2. d4 g6 3. e3 Bg7 4. Be2 O-O 5. O-O d6 6. c4 Nbd7 7. Nc3 e5 8.
b4 Re8 9. Qc2 e4 10. Nd2 Qe7 11. a4 h5 12. a5 a6 13. b5 h4 14. h3 Nf8 15.
bxa6 bxa6 16. Nd5 Nxd5 17. cxd5 Nh7 1/2-1/2

[Event "77th ch-ITA 2017"]
[Site "Cosenza ITA"]
[Date "2017.12.04"]
[Round "6"]
[White "Valsecchi,A"]
[Black "Moroni,L"]
[Result "1/2-1/2"]
[WhiteElo "2501"]
[BlackElo "2506"]
[EventDate "2017.11.29"]

1. d4 Nf6 2. c4 e6 3. Nc3 Bb4 4. e3 b6 5. Nge2 Ne4 6. Qc2 Bb7 7. a3 Bxc3+
8. Nxc3 Nxc3 9. Qxc3 Qh4 10. b3 O-O 11. Bb2 d6 12. Qc2 Be4 13. Bd3 Bxd3
1/2-1/2

[Event "77th ch-ITA 2017"]
[Site "Cosenza ITA"]
[Date "2017.12.04"]
[Round "6"]
[White "Sonis,Francesco"]
[Black "Genocchio,D"]
[Result "1-0"]
[WhiteElo "2420"]
[BlackElo "2410"]
[EventDate "2017.11.29"]

1. Nf3 d6 2. d4 Bg4 3. c4 Bxf3 4. exf3 g6 5. Nc3 Bg7 6. Be3 c6 7. d5 Nf6 8.
Be2 Nbd7 9. O-O O-O 10. Qb3 Qc7 11. Rac1 Rfc8 12. Qa3 a6 13. f4 cxd5 14.
cxd5 Qd8 15. Rfd1 Nc5 16. Bf3 Rc7 17. b4 Ncd7 18. Qa5 Rac8 19. Na4 Ne8 20.
Rxc7 Qxc7 21. Nb6 Nxb6 22. Bxb6 Qd7 23. Be3 Rc2 24. Be4 Rc3 25. Qb6 Qc7 26.
Qa7 Rc4 27. Bd3 Rxb4 28. Rc1 Qd8 29. f5 Nf6 30. Bd2 Rb2 31. Bc3 Rxa2 32.
Qxb7 Nd7 33. Qb3 Bxc3 34. Qxa2 Bd4 35. fxg6 hxg6 36. Bxa6 Bc5 37. Bf1 Nf6
38. Qc4 Qb6 39. Rc2 Qb1 40. Qd3 Qb4 41. h3 Ne4 42. Re2 f5 43. g4 Bxf2+ 44.
Rxf2 Qc5 45. Qc2 Qe3 46. Bg2 Nxf2 47. Qxf2 Qc1+ 48. Kh2 f4 49. h4 Kf7 50.
Be4 Kg7 51. g5 Kf7 52. Kh3 Qc8+ 53. Kh2 Qg4 54. Bf3 Qf5 55. Qe2 Kf8 56. Qe4
1-0

[Event "77th ch-ITA 2017"]
[Site "Cosenza ITA"]
[Date "2017.12.04"]
[Round "6"]
[White "Brunello,S"]
[Black "Gilevych,Artem"]
[Result "0-1"]
[WhiteElo "2556"]
[BlackElo "2429"]
[EventDate "2017.11.29"]

1. e4 e6 2. d4 d5 3. Nd2 Nf6 4. e5 Nfd7 5. Bd3 c5 6. c3 b6 7. Ne2 Ba6 8.
Bxa6 Nxa6 9. Nf3 Be7 10. h4 Nc7 11. Nf4 Qc8 12. Ng5 Bxg5 13. hxg5 g6 14.
Be3 Qa6 15. g4 O-O-O 16. b3 Kb8 17. a4 Qb7 18. Rh3 a5 19. b4 cxb4 20. cxb4
axb4 21. Nd3 Na6 22. Rf3 Rhf8 23. Bd2 Rc8 24. Nxb4 Rc4 25. Nxa6+ Qxa6 26.
Bc3 Ka8 27. Qb3 Nb8 28. Qb5 Rfc8 29. Kd2 R8c7 30. Ra3 Kb7 31. Qe8 Nc6 32.
Rxf7 Nxd4 33. Rxc7+ Kxc7 34. Qf7+ Kb8 35. Qf8+ Kb7 36. a5 Rc8 37. Qe7+ Rc7
38. Qxc7+ Kxc7 39. Bxd4 bxa5 40. Rh3 Kc6 41. Rxh7 Qc4 42. Ke3 Qc1+ 43. Kd3
Qd1+ 44. Kc3 Qf3+ 45. Be3 Qxg4 46. Rh8 Qc4+ 47. Kd2 Qb4+ 0-1